| 000 | 00943nam a2200289 i 4500 | ||
|---|---|---|---|
| 001 | bg | ||
| 100 | 1 | _aNorek, Emil A. | |
| 245 | 1 | 0 |
_aPrzedsiębiorstwo w obrocie gospodarczym / _cEmil Norek. |
| 250 | _aWyd. 2. | ||
| 260 |
_aWarszawa : _bWydawnictwo Prawnicze LexisNexis, _c2008. |
||
| 300 |
_a277, [1] s. ; _c21 cm. |
||
| 504 | _aBibliogr. s. 271-[278]. | ||
| 650 | 9 |
_aObrót gospodarczy _xprawo _zPolska _ystan na 2008 r. |
|
| 650 | 9 |
_aPrzedsiębiorstwo _xprawo _zPolska _ystan na 2008 r. |
|
| 650 | 9 |
_aUmowa _xgospodarka _zPolska _ystan na 2008 r. |
|
| 655 | _aPoradniki | ||
| 015 | _aPB 9189/2007 | ||
| 020 | _a9788373349094 | ||
| 040 | _cBPK | ||
| 041 | _apol | ||
| 044 | _aPOL | ||
| 080 | _a346.26:346.3](438) | ||
| 920 | _a978-83-7334-909-4 | ||
| 942 | _cKS | ||
| 008 | 070227s2007 pl |000 0 pol | ||
| 999 |
_c55832 _d55832 |
||
| 856 |
_uhttp://koha.tu.koszalin.pl/cgi-bin/koha/opac-detail.pl?biblionumber=55832 _yKatalog online BPK |
||